[Event "Oberliga Ost B 2017 2018"]
[Site "Germany"]
[Date "2018.03.18"]
[Round "9.4"]
[White "Koller, Jens"]
[Black "Heyder, Florian"]
[Result "0-1"]
[WhiteElo "2199"]
[BlackElo "2174"]
[PlyCount "76"]
[EventDate "2017.10.22"]
[EventType "team-tourn"]
[EventCountry "GER"]
[WhiteTeam "Neuberg SF"]
[BlackTeam "Sangerhausen SV"]
[WhiteTeamCountry "GER"]
[BlackTeamCountry "GER"]

1. e4 e6 2. d4 d5 3. Nc3 Bb4 4. exd5 exd5 5. Bd3 Ne7 6. Qh5 Nbc6 7. a3 Ba5 8.
Nf3 Qd6 9. Qg5 O-O 10. O-O f6 11. Qf4 Qxf4 12. Bxf4 Bg4 13. Ne2 Bxf3 14. gxf3
Ng6 15. Bg3 Rfe8 16. c3 Nce7 17. h4 Rac8 18. h5 Nf8 19. b4 Bb6 20. Nf4 c6 21.
Rfe1 Kf7 22. Re2 Ng8 23. Rae1 Rxe2 24. Rxe2 Ne7 25. Bc2 Bc7 26. Ng2 g6 27.
hxg6+ hxg6 28. Ne3 Ne6 29. Ng4 Nf4 30. Nh6+ Kf8 31. Re1 f5 32. Bh4 Bd6 33. Bb3
b5 34. a4 Rc7 35. Kf1 Kg7 36. Bg5 Nh3 37. f4 Nxg5 38. fxg5 Bf4 0-1

[Event "Oberliga Ost B 2017 2018"]
[Site "Germany"]
[Date "2018.03.18"]
[Round "9.5"]
[White "Guenther, Christian"]
[Black "Schaffer, Hendrik"]
[Result "0-1"]
[WhiteElo "2137"]
[BlackElo "2236"]
[PlyCount "122"]
[EventDate "2017.10.22"]
[EventType "team-tourn"]
[EventCountry "GER"]
[WhiteTeam "Sangerhausen SV"]
[BlackTeam "Neuberg SF"]
[WhiteTeamCountry "GER"]
[BlackTeamCountry "GER"]

1. d4 Nf6 2. c4 g6 3. Nc3 Bg7 4. e4 d6 5. f4 O-O 6. Nf3 c5 7. d5 e6 8. Be2 exd5
9. cxd5 Re8 10. e5 dxe5 11. fxe5 Ng4 12. Bg5 Qa5 13. O-O Nxe5 14. Nxe5 Bxe5 15.
d6 Be6 16. Nb5 Rc8 17. a4 a6 18. Nc7 Rxc7 19. Bd8 Nc6 20. Bxc7 Qb4 21. Bf3 Bd4+
22. Kh1 Ne5 23. Be4 Rf8 24. Qe1 Qxb2 25. Rb1 Qa2 26. a5 Bc4 27. Rf4 Bd5 28. h3
Nd3 29. Bxd5 Qxd5 30. Rxd4 cxd4 31. Qd2 Nc5 32. Qb4 d3 33. Bb6 Ne6 34. Rc1 g5
35. Qd2 h6 36. Rc3 Nf4 37. Be3 Re8 38. d7 Qxd7 39. Bxf4 gxf4 40. Rxd3 Qf5 41.
Kh2 Re4 42. Rd5 Re5 43. Rd4 Rxa5 44. Rxf4 Rd5 45. Qf2 Qd7 46. Rg4+ Rg5 47. Rd4
Qc7+ 48. g3 b5 49. h4 Rg6 50. Qe3 Qc2+ 51. Kh3 Qf5+ 52. Kg2 Re6 53. Qd2 Kh7 54.
Rf4 Qg6 55. Qf2 Kg8 56. Kh3 Re4 57. Rf3 Qe6+ 58. Rf5 Re5 59. g4 Re3+ 60. Rf3
Rxf3+ 61. Qxf3 h5 0-1

[Event "Oberliga Ost B 2017 2018"]
[Site "Germany"]
[Date "2018.03.18"]
[Round "9.6"]
[White "Heck, Norbert"]
[Black "Duchrow, Oliver"]
[Result "0-1"]
[WhiteElo "2258"]
[BlackElo "2039"]
[PlyCount "84"]
[EventDate "2017.10.22"]
[EventType "team-tourn"]
[EventCountry "GER"]
[WhiteTeam "Neuberg SF"]
[BlackTeam "Sangerhausen SV"]
[WhiteTeamCountry "GER"]
[BlackTeamCountry "GER"]

1. Nf3 d6 2. g3 g6 3. Bg2 Bg7 4. O-O f5 5. d4 Nf6 6. c4 O-O 7. Nc3 Qe8 8. b3 c6
9. Qc2 e5 10. dxe5 dxe5 11. Ba3 Rf7 12. Rad1 e4 13. Ng5 Rd7 14. Nh3 Rxd1 15.
Rxd1 Nbd7 16. Bd6 Ng4 17. c5 Nde5 18. Na4 h6 19. Qc1 Bd7 20. f3 Nf6 21. Nb2 Nd5
22. Nf4 Nc3 23. Re1 g5 24. Nh3 Nf7 25. Nc4 exf3 26. Bf1 fxe2 27. Bg2 Nxa2 28.
Qc2 Nc3 29. Kh1 Qe6 30. Ng1 Re8 31. Nf3 b5 32. Nce5 Nxd6 33. Nxd7 Qxd7 34. Qd3
Nce4 35. Rxe2 Qe6 36. cxd6 Qxd6 37. Qc2 Rd8 38. Ne1 Nc3 39. Re3 Qf6 40. Bf3 g4
41. Be2 Qd4 42. Re7 Bf8 0-1

[Event "Oberliga Ost B 2017 2018"]
[Site "Germany"]
[Date "2018.03.18"]
[Round "9.7"]
[White "Buerckner, Georg"]
[Black "Knickel, Aaron"]
[Result "1/2-1/2"]
[WhiteElo "2044"]
[BlackElo "2148"]
[PlyCount "46"]
[EventDate "2017.10.22"]
[EventType "team-tourn"]
[EventCountry "GER"]
[WhiteTeam "Sangerhausen SV"]
[BlackTeam "Neuberg SF"]
[WhiteTeamCountry "GER"]
[BlackTeamCountry "GER"]

1. e4 g6 2. d4 Bg7 3. Nf3 d6 4. c3 Nf6 5. Bd3 O-O 6. O-O c5 7. dxc5 dxc5 8. Qe2
Nc6 9. h3 Qc7 10. Be3 b6 11. Nbd2 Nh5 12. Rad1 Nf4 13. Bxf4 Qxf4 14. Nc4 Be6
15. Bb1 Rfd8 16. Rfe1 Bxc4 17. Qxc4 Ne5 18. Nxe5 Bxe5 19. g3 Qf3 20. Rd3 Rxd3
21. Qxd3 Qxd3 22. Bxd3 Rd8 23. Rd1 Kf8 1/2-1/2

[Event "Oberliga Ost B 2017 2018"]
[Site "Germany"]
[Date "2018.04.14"]
[Round "10.1"]
[White "Teske, Henrik"]
[Black "Geske, Julian"]
[Result "1/2-1/2"]
[WhiteElo "2471"]
[BlackElo "2398"]
[PlyCount "37"]
[EventDate "2017.10.22"]
[EventType "team-tourn"]
[EventCountry "GER"]
[WhiteTeam "Erfurt SV Empor"]
[BlackTeam "Wiesbadener SV"]
[WhiteTeamCountry "GER"]
[BlackTeamCountry "GER"]

1. Nf3 Nf6 2. c4 c6 3. g3 d5 4. cxd5 cxd5 5. Bg2 Nc6 6. O-O e6 7. a3 Bd6 8. b4
O-O 9. Bb2 Qe7 10. d4 Bd7 11. Nc3 a5 12. b5 Na7 13. a4 Nc8 14. Ne5 Nb6 15. e4
Bb4 16. Nxd7 Nfxd7 17. exd5 Bxc3 18. Bxc3 Nxd5 19. Qe1 1/2-1/2

[Event "Oberliga Ost B 2017 2018"]
[Site "Germany"]
[Date "2018.04.14"]
[Round "10.3"]
[White "Friedrich, Wiede"]
[Black "Gottschalk, Jens"]
[Result "1/2-1/2"]
[WhiteElo "2334"]
[BlackElo "2268"]
[PlyCount "71"]
[EventDate "2017.10.22"]
[EventType "team-tourn"]
[EventCountry "GER"]
[WhiteTeam "Erfurt SV Empor"]
[BlackTeam "Wiesbadener SV"]
[WhiteTeamCountry "GER"]
[BlackTeamCountry "GER"]

1. e4 c5 2. c3 Nf6 3. e5 Nd5 4. d4 cxd4 5. Nf3 Nc6 6. Bc4 Nb6 7. Bb3 d5 8. exd6
Qxd6 9. O-O Be6 10. Bxe6 Qxe6 11. Nxd4 Nxd4 12. cxd4 Rd8 13. Nc3 g6 14. a4 Bg7
15. a5 Nd5 16. Re1 Qc6 17. a6 bxa6 18. Qe2 O-O 19. Rxa6 Nxc3 20. bxc3 Qxc3 21.
Rxa7 Qxd4 22. Rxe7 Qd3 23. Qg4 Rd4 24. Qg5 Rd5 25. Qf4 Rf5 26. Qc7 Bd4 27. R7e2
h5 28. Bh6 Bg7 29. Bf4 Qc3 30. g3 Qxc7 31. Bxc7 Rc8 32. Bb6 Rb8 33. Ba7 Ra8 34.
Re7 Ra5 35. Bb6 Ra1 36. Kg2 1/2-1/2

[Event "Oberliga Ost B 2017 2018"]
[Site "Germany"]
[Date "2018.04.14"]
[Round "10.4"]
[White "Minor, Samuel"]
[Black "Michalowski, Peter"]
[Result "1-0"]
[WhiteElo "2244"]
[BlackElo "2064"]
[PlyCount "69"]
[EventDate "2017.10.22"]
[EventType "team-tourn"]
[EventCountry "GER"]
[WhiteTeam "Wiesbadener SV"]
[BlackTeam "Erfurt SV Empor"]
[WhiteTeamCountry "GER"]
[BlackTeamCountry "GER"]

1. e4 c5 2. Nf3 d6 3. d4 cxd4 4. Nxd4 Nf6 5. Nc3 a6 6. Be3 e5 7. Nf3 Be7 8. Bc4
O-O 9. O-O Be6 10. Bb3 Nc6 11. Bg5 Rc8 12. Bxf6 Bxf6 13. Qd3 Na5 14. Rfd1 Nxb3
15. axb3 Rc6 16. Nd2 Qc8 17. Na2 b5 18. Nb4 Rb6 19. Nb1 Qb7 20. Nc3 Be7 21. Ra5
Rd8 22. Rda1 d5 23. Nbxd5 Bb4 24. Nxb4 Rxd3 25. Nxd3 f6 26. b4 Qf7 27. Nxb5 Qg6
28. Nc3 Bc4 29. b5 axb5 30. Ra8+ Kf7 31. R1a7+ Ke6 32. Nc5+ Kd6 33. b4 Be6 34.
Nd5 Qg5 35. Rd8+ 1-0

[Event "Oberliga Ost B 2017 2018"]
[Site "Germany"]
[Date "2018.04.14"]
[Round "10.5"]
[White "Weishaeutel, Moritz"]
[Black "Nehmert, Ulrich"]
[Result "1-0"]
[WhiteElo "1983"]
[BlackElo "2276"]
[PlyCount "65"]
[EventDate "2017.10.22"]
[EventType "team-tourn"]
[EventCountry "GER"]
[WhiteTeam "Erfurt SV Empor"]
[BlackTeam "Wiesbadener SV"]
[WhiteTeamCountry "GER"]
[BlackTeamCountry "GER"]

1. e4 c6 2. Nf3 d5 3. Nc3 Bg4 4. h3 Bxf3 5. Qxf3 e6 6. d4 Qf6 7. Qg3 Nd7 8. Bd3
dxe4 9. Nxe4 Qxd4 10. Be3 Qe5 11. Bf4 Qa5+ 12. c3 e5 13. Be3 Ngf6 14. Nxf6+
Nxf6 15. b4 Qc7 16. Bd4 O-O-O 17. Bxe5 Bd6 18. f4 Nd5 19. O-O f6 20. Bxd6 Rxd6
21. a3 Kb8 22. c4 Nxf4 23. Rxf4 Rxd3 24. Qxd3 Qxf4 25. Re1 Qc7 26. c5 a6 27.
Re6 Rd8 28. Rd6 Rxd6 29. cxd6 Qd7 30. Qxh7 a5 31. Qg8+ Qc8 32. Qxg7 axb4 33.
Qe7 1-0

[Event "Oberliga Ost B 2017 2018"]
[Site "Germany"]
[Date "2018.04.14"]
[Round "10.7"]
[White "Heinke, Jasper"]
[Black "Ungurean, Florin Ioan"]
[Result "0-1"]
[WhiteElo "1940"]
[BlackElo "1979"]
[PlyCount "64"]
[EventDate "2017.10.22"]
[EventType "team-tourn"]
[EventCountry "GER"]
[WhiteTeam "Erfurt SV Empor"]
[BlackTeam "Wiesbadener SV"]
[WhiteTeamCountry "GER"]
[BlackTeamCountry "GER"]

1. d4 d5 2. c4 c6 3. Nf3 Nf6 4. g3 Bf5 5. Bg2 e6 6. O-O h6 7. b3 Nbd7 8. Bb2 a5
9. Nbd2 Be7 10. Ne5 O-O 11. a4 Nxe5 12. dxe5 Nd7 13. e4 dxe4 14. Nxe4 Qc7 15.
Nd6 Bh7 16. f4 Nc5 17. f5 Bxf5 18. Rxf5 exf5 19. Nxf5 Ne6 20. Qg4 Bg5 21. h4
Qb6+ 22. Kh1 Qxb3 23. Ba3 Qc3 24. Ra2 h5 25. Qxh5 g6 26. Nh6+ Kh7 27. Qg4 Bxh6
28. h5 Qxe5 29. hxg6+ fxg6 30. Be4 Ng5 31. Bd3 Qe6 32. Qh4 Qe1+ 0-1

[Event "Oberliga Ost B 2017 2018"]
[Site "Germany"]
[Date "2018.04.14"]
[Round "10.8"]
[White "Kasakevitsch, Evsey"]
[Black "Pichl, Michael"]
[Result "0-1"]
[WhiteElo "2018"]
[BlackElo "2049"]
[PlyCount "134"]
[EventDate "2017.10.22"]
[EventType "team-tourn"]
[EventCountry "GER"]
[WhiteTeam "Wiesbadener SV"]
[BlackTeam "Erfurt SV Empor"]
[WhiteTeamCountry "GER"]
[BlackTeamCountry "GER"]

1. e4 g6 2. d4 Bg7 3. Nc3 c5 4. Nf3 cxd4 5. Nxd4 d6 6. Bc4 Nf6 7. O-O O-O 8. h3
a6 9. a4 b6 10. Re1 Bb7 11. Nd5 Nbd7 12. Nxf6+ Nxf6 13. f3 d5 14. exd5 Nxd5 15.
c3 e5 16. Nc2 b5 17. axb5 axb5 18. Rxa8 Bxa8 19. Bxd5 Bxd5 20. Ne3 Be6 21. Qxd8
Rxd8 22. Nc2 f5 23. Be3 Kf7 24. Ra1 Rd7 25. Ra7 Rxa7 26. Bxa7 Bb3 27. Na3 Bc4
28. Nxc4 bxc4 29. Kf2 Ke6 30. Bc5 Kd5 31. Be7 Bh6 32. Ke2 Bc1 33. Ba3 h5 34.
Kd1 Bf4 35. Ke2 e4 36. g4 Bc1 37. gxh5 gxh5 38. Kf2 Bf4 39. Be7 Bc1 40. Ba3 f4
41. Ke2 exf3+ 42. Kxf3 Ke5 43. Bc5 Bxb2 44. Bd4+ Kf5 45. Bg7 Ba3 46. Bd4 Bd6
47. Bf2 Be5 48. Be1 Bf6 49. Bd2 Bh4 50. Bxf4 Be1 51. Bh6 Bxc3 52. Bf8 Bf6 53.
Bb4 Ke5 54. Bc3+ Ke6 55. Be1 Kd5 56. Kf4 Kd4 57. Kf5 Bd8 58. Kf4 Kd3 59. Kf3
Bg5 60. Bb4 Bd2 61. Ba3 c3 62. Kf2 c2 63. Kf3 Bh6 64. Kf2 Kc4 65. Ke2 Kb3 66.
Kd3 Bg5 67. h4 Bh6 0-1

[Event "Oberliga Ost B 2017 2018"]
[Site "Germany"]
[Date "2018.04.14"]
[Round "10.1"]
[White "Lubbe, Nikolas"]
[Black "Zimmermann, Hendrik"]
[Result "1-0"]
[WhiteElo "2515"]
[BlackElo "2175"]
[PlyCount "105"]
[EventDate "2017.10.22"]
[EventType "team-tourn"]
[EventCountry "GER"]
[WhiteTeam "Neuberg SF"]
[BlackTeam "Frankfurt SC Koenig Nied"]
[WhiteTeamCountry "GER"]
[BlackTeamCountry "GER"]

1. Nf3 f5 2. d3 Nc6 3. d4 e6 4. a3 Nf6 5. b4 g6 6. Bb2 Bg7 7. e3 O-O 8. Nbd2 b6
9. Be2 Bb7 10. O-O Qe7 11. b5 Nd8 12. a4 Nf7 13. a5 d6 14. c4 Rfe8 15. a6 Bc8
16. Ba3 g5 17. c5 bxc5 18. dxc5 Nd5 19. Qb3 Bxa1 20. Rxa1 Nf6 21. Rc1 g4 22.
Nd4 e5 23. cxd6 cxd6 24. Nc6 Qe6 25. Bc4 d5 26. Bf1 Kg7 27. Bc5 Kg6 28. Nxa7
Nd7 29. Ba3 Rxa7 30. Rc6 Rxa6 31. Rxe6+ Raxe6 32. Qxd5 Nb6 33. Qb3 Bb7 34. e4
fxe4 35. Qe3 Ng5 36. Be2 h5 37. Nc4 Nxc4 38. Bxc4 Rd8 39. h4 gxh3 40. Bc1 Rd1+
41. Kh2 Rxc1 42. Bxe6 Nxe6 43. Qxc1 hxg2 44. Qe3 Bd5 45. Kxg2 Nf4+ 46. Kh2 Kf5
47. b6 h4 48. Qc5 Kg4 49. Qd6 Kf3 50. Qxe5 Bb7 51. Qg5 Nd3 52. Qe3+ Kg4 53.
Qh3+ 1-0

[Event "Oberliga Ost B 2017 2018"]
[Site "Germany"]
[Date "2018.04.14"]
[Round "10.2"]
[White "Uwira, Oliver"]
[Black "Lubbe, Melanie"]
[Result "0-1"]
[WhiteElo "2251"]
[BlackElo "2286"]
[PlyCount "92"]
[EventDate "2017.10.22"]
[EventType "team-tourn"]
[EventCountry "GER"]
[WhiteTeam "Frankfurt SC Koenig Nied"]
[BlackTeam "Neuberg SF"]
[WhiteTeamCountry "GER"]
[BlackTeamCountry "GER"]

1. d4 Nf6 2. Bg5 e6 3. e4 h6 4. Bxf6 Qxf6 5. Nc3 Bb4 6. Qd2 c5 7. a3 cxd4 8.
axb4 dxc3 9. bxc3 b6 10. Nf3 Bb7 11. Bd3 Nc6 12. O-O O-O 13. Rfe1 d6 14. Bf1
Rfd8 15. Nd4 Ne5 16. Qe3 g5 17. Nb5 a6 18. Nc7 Rac8 19. Qxb6 Rd7 20. Qxb7 Rdxc7
21. Qxa6 Rxc3 22. Bd3 Nxd3 23. cxd3 Qd4 24. b5 Rc2 25. Rf1 Kg7 26. b6 R8c6 27.
Rab1 Rb2 28. Rxb2 Qxb2 29. Qa1 Rxb6 30. Qxb2+ Rxb2 31. Rd1 Kf6 32. f3 Ke5 33.
d4+ Kf6 34. g4 Re2 35. Rd3 Kg6 36. d5 Kf6 37. dxe6 Kxe6 38. Rd5 Rc2 39. h4 Rc5
40. hxg5 hxg5 41. Rd3 Ke5 42. Kf2 Kf4 43. Rxd6 Rc2+ 44. Kf1 Kg3 45. Rf6 Rf2+
46. Ke1 Rxf3 0-1

[Event "Oberliga Ost B 2017 2018"]
[Site "Germany"]
[Date "2018.04.14"]
[Round "10.3"]
[White "Kuenstler, Christian"]
[Black "Wege, Jochen"]
[Result "1/2-1/2"]
[WhiteElo "2274"]
[BlackElo "2294"]
[PlyCount "22"]
[EventDate "2017.10.22"]
[EventType "team-tourn"]
[EventCountry "GER"]
[WhiteTeam "Neuberg SF"]
[BlackTeam "Frankfurt SC Koenig Nied"]
[WhiteTeamCountry "GER"]
[BlackTeamCountry "GER"]

1. Nf3 Nf6 2. c4 c5 3. g3 b6 4. Bg2 Bb7 5. O-O e6 6. Nc3 a6 7. d4 cxd4 8. Qxd4
d6 9. Rd1 Nbd7 10. b3 Be7 11. e4 Qc8 1/2-1/2

[Event "Oberliga Ost B 2017 2018"]
[Site "Germany"]
[Date "2018.04.14"]
[Round "10.4"]
[White "Staller, Peter"]
[Black "Sergin, Mark"]
[Result "1/2-1/2"]
[WhiteElo "2267"]
[BlackElo "2192"]
[PlyCount "24"]
[EventDate "2017.10.22"]
[EventType "team-tourn"]
[EventCountry "GER"]
[WhiteTeam "Frankfurt SC Koenig Nied"]
[BlackTeam "Neuberg SF"]
[WhiteTeamCountry "GER"]
[BlackTeamCountry "GER"]

1. Nf3 Nf6 2. c4 c5 3. Nc3 e6 4. e3 b6 5. d4 cxd4 6. exd4 Bb7 7. Bg5 Be7 8. Bd3
d6 9. O-O Nbd7 10. Qe2 O-O 11. Bxf6 Nxf6 12. Ng5 Qd7 1/2-1/2

[Event "Oberliga Ost B 2017 2018"]
[Site "Germany"]
[Date "2018.04.14"]
[Round "10.5"]
[White "Lutz, Klaus Juergen"]
[Black "Chandler, Patrick"]
[Result "1/2-1/2"]
[WhiteElo "2258"]
[BlackElo "2211"]
[PlyCount "130"]
[EventDate "2017.10.22"]
[EventType "team-tourn"]
[EventCountry "GER"]
[WhiteTeam "Neuberg SF"]
[BlackTeam "Frankfurt SC Koenig Nied"]
[WhiteTeamCountry "GER"]
[BlackTeamCountry "GER"]

1. e4 Nc6 2. d4 d5 3. e5 Bf5 4. h4 h5 5. Be2 g6 6. Nf3 Qd7 7. Bf4 Bh6 8. Bxh6
Nxh6 9. c3 f6 10. Bb5 a6 11. Qa4 Nf7 12. Nbd2 Nfd8 13. exf6 exf6 14. O-O Rb8
15. Rfe1+ Kf7 16. Bf1 Kg7 17. c4 dxc4 18. Qxc4 Nf7 19. Rac1 Rhd8 20. Nb3 Nd6
21. Qc3 Qf7 22. Nc5 Ne7 23. b3 Nd5 24. Qd2 c6 25. Bc4 a5 26. Bxd5 cxd5 27. Na4
b6 28. Rc6 Ne4 29. Qf4 Rbc8 30. Rec1 b5 31. Nb6 Rxc6 32. Rxc6 Bd7 33. Nxd7 Rxd7
34. Qb8 Rb7 35. Qa8 Ra7 36. Qd8 Qd7 37. Qxd7+ Rxd7 38. a3 a4 39. bxa4 bxa4 40.
Ne1 Rb7 41. Nd3 Rb3 42. Nf4 Rb1+ 43. Kh2 Nxf2 44. Nxd5 Ng4+ 45. Kg3 Rd1 46. Nf4
Kh6 47. d5 g5 48. hxg5+ Kxg5 49. Nh3+ Kf5 50. d6 Rd3+ 51. Kh4 Ne5 52. Ra6 Rxa3
53. Ra5 Ra2 54. d7 Rd2 55. Rxa4 Rxd7 56. Rf4+ Kg6 57. Ra4 Rd2 58. Nf4+ Kf5 59.
Nxh5 Ng6+ 60. Kg3 Rd3+ 61. Kf2 Kg5 62. Ng3 f5 63. Ra5 Nh4 64. Ne4+ Kf4 65. g3+
Kxe4 1/2-1/2

[Event "Oberliga Ost B 2017 2018"]
[Site "Germany"]
[Date "2018.04.14"]
[Round "10.6"]
[White "Graf, Gerd"]
[Black "Wahedi, Ahmad Siar"]
[Result "1/2-1/2"]
[WhiteElo "2231"]
[BlackElo "2255"]
[PlyCount "86"]
[EventDate "2017.10.22"]
[EventType "team-tourn"]
[EventCountry "GER"]
[WhiteTeam "Frankfurt SC Koenig Nied"]
[BlackTeam "Neuberg SF"]
[WhiteTeamCountry "GER"]
[BlackTeamCountry "GER"]

1. Nf3 d5 2. g3 Nf6 3. Bg2 g6 4. O-O Bg7 5. d3 O-O 6. c3 Re8 7. Nbd2 Nbd7 8.
Qc2 e5 9. e4 Nc5 10. Rd1 c6 11. b4 Na6 12. a3 Bg4 13. h3 Bd7 14. Bb2 Qc8 15.
Kh2 Nh5 16. c4 d4 17. c5 f6 18. Nc4 Bf8 19. Bc1 Qc7 20. Bd2 Ng7 21. Rdc1 Be6
22. h4 Qd7 23. Ng1 Rad8 24. Rf1 Qf7 25. Na5 Rc8 26. Rac1 Red8 27. Nc4 Ne8 28.
Qd1 Bg7 29. f4 exf4 30. Bxf4 Nac7 31. a4 Na6 32. Bd2 Qc7 33. Nh3 Qd7 34. Nf4
Bg4 35. Bf3 Bxf3 36. Qxf3 Nac7 37. Na5 Rb8 38. Qd1 Qf7 39. Qb3 Qxb3 40. Nxb3
Rd7 41. Rc4 Rbd8 42. Na5 Rb8 43. Kg2 Bf8 1/2-1/2

[Event "Oberliga Ost B 2017 2018"]
[Site "Germany"]
[Date "2018.04.14"]
[Round "10.7"]
[White "Koller, Jens"]
[Black "Haenisch, Uwe"]
[Result "1/2-1/2"]
[WhiteElo "2199"]
[BlackElo "2195"]
[PlyCount "32"]
[EventDate "2017.10.22"]
[EventType "team-tourn"]
[EventCountry "GER"]
[WhiteTeam "Neuberg SF"]
[BlackTeam "Frankfurt SC Koenig Nied"]
[WhiteTeamCountry "GER"]
[BlackTeamCountry "GER"]

1. e4 Nf6 2. e5 Nd5 3. d4 d6 4. exd6 exd6 5. Bc4 Nb6 6. Bd3 Nc6 7. c3 Be7 8.
Qc2 Be6 9. Ne2 Bc4 10. Bxc4 Nxc4 11. d5 N6e5 12. f4 Nd7 13. O-O O-O 14. b3 Ncb6
15. c4 Bf6 16. Nbc3 Re8 1/2-1/2

[Event "Oberliga Ost B 2017 2018"]
[Site "Germany"]
[Date "2018.04.14"]
[Round "10.8"]
[White "Rosa, Mike"]
[Black "Heck, Norbert"]
[Result "1-0"]
[WhiteElo "2073"]
[BlackElo "2258"]
[PlyCount "59"]
[EventDate "2017.10.22"]
[EventType "team-tourn"]
[EventCountry "GER"]
[WhiteTeam "Frankfurt SC Koenig Nied"]
[BlackTeam "Neuberg SF"]
[WhiteTeamCountry "GER"]
[BlackTeamCountry "GER"]

1. b3 e5 2. Bb2 d6 3. c4 Nf6 4. e3 g6 5. d4 Bg7 6. dxe5 Ng4 7. Nf3 Nc6 8. Nc3
Ngxe5 9. Nxe5 Nxe5 10. Qc2 O-O 11. Be2 f5 12. O-O f4 13. exf4 Rxf4 14. Nd5 Rf7
15. f4 Bf5 16. Qd2 Ng4 17. Bxg7 Kxg7 18. Qd4+ Kg8 19. h3 Nf6 20. Bf3 c6 21.
Nxf6+ Qxf6 22. Rad1 Qxd4+ 23. Rxd4 Rd8 24. Rfd1 Rfd7 25. Kf2 Kf7 26. g4 Be6 27.
f5 gxf5 28. gxf5 Bxf5 29. Rf4 Kf6 30. Bg4 1-0

[Event "Oberliga Ost B 2017 2018"]
[Site "Germany"]
[Date "2018.04.14"]
[Round "10.1"]
[White "Konopka, Michal"]
[Black "Brueggemann, Ludger"]
[Result "1-0"]
[WhiteElo "2391"]
[BlackElo "2285"]
[PlyCount "75"]
[EventDate "2017.10.22"]
[EventType "team-tourn"]
[EventCountry "GER"]
[WhiteTeam "Schoeneck SF"]
[BlackTeam "Frankfurter TV"]
[WhiteTeamCountry "GER"]
[BlackTeamCountry "GER"]

1. Nf3 Nf6 2. c4 g6 3. g3 Bg7 4. Bg2 O-O 5. d4 d6 6. Nc3 Nbd7 7. O-O e5 8. e4
c6 9. h3 exd4 10. Nxd4 Re8 11. Be3 Nc5 12. Qc2 Qe7 13. Rfe1 Bd7 14. Rad1 Nfxe4
15. Bf4 f5 16. Nxe4 Nxe4 17. f3 Bxd4+ 18. Rxd4 Qg7 19. Red1 c5 20. R4d3 g5 21.
Bxd6 Nxd6 22. Rxd6 Be6 23. b3 f4 24. Qf2 Qe5 25. g4 b6 26. Bf1 Kf8 27. R6d2 Re7
28. Re1 Qc3 29. Rd3 Qf6 30. Rd6 Rae8 31. Qd2 Qg7 32. Bd3 Bxg4 33. Rxe7 Qxe7 34.
Be4 Bxh3 35. Rh6 Rd8 36. Qc3 Bf5 37. Rf6+ Kg8 38. Rxf5 1-0

[Event "Oberliga Ost B 2017 2018"]
[Site "Germany"]
[Date "2018.04.14"]
[Round "10.2"]
[White "Telljohann, Sven"]
[Black "Marchio, Enrico"]
[Result "1/2-1/2"]
[WhiteElo "2391"]
[BlackElo "2292"]
[PlyCount "34"]
[EventDate "2017.10.22"]
[EventType "team-tourn"]
[EventCountry "GER"]
[WhiteTeam "Frankfurter TV"]
[BlackTeam "Schoeneck SF"]
[WhiteTeamCountry "GER"]
[BlackTeamCountry "GER"]

1. b3 Nf6 2. Bb2 e6 3. Nf3 Be7 4. e3 d5 5. d4 O-O 6. Nbd2 c5 7. Bd3 Nc6 8. O-O
Bd7 9. a3 Rc8 10. dxc5 Bxc5 11. c4 a5 12. cxd5 exd5 13. Rc1 Be7 14. h3 Re8 15.
Rc2 Bf8 16. Qa1 Ne4 17. Rd1 Qe7 1/2-1/2

[Event "Oberliga Ost B 2017 2018"]
[Site "Germany"]
[Date "2018.04.14"]
[Round "10.4"]
[White "Henrich, David"]
[Black "Nazarenus, Moritz"]
[Result "1/2-1/2"]
[WhiteElo "2092"]
[BlackElo "2241"]
[PlyCount "51"]
[EventDate "2017.10.22"]
[EventType "team-tourn"]
[EventCountry "GER"]
[WhiteTeam "Frankfurter TV"]
[BlackTeam "Schoeneck SF"]
[WhiteTeamCountry "GER"]
[BlackTeamCountry "GER"]

1. c4 Nf6 2. Nc3 c6 3. Nf3 d5 4. e3 e6 5. b3 Nbd7 6. Bb2 Bd6 7. d4 O-O 8. Bd3
e5 9. cxd5 cxd5 10. dxe5 Nxe5 11. Be2 Nxf3+ 12. Bxf3 Be6 13. O-O a6 14. Qd4 Qe7
15. Nxd5 Bxd5 16. Bxd5 Bxh2+ 17. Kxh2 Qd6+ 18. g3 Qxd5 19. Qxd5 Nxd5 20. Rfd1
Rfd8 21. Rd4 Ne7 22. Rad1 Nc6 23. Rd7 f6 24. Ba3 Rxd7 25. Rxd7 Rd8 26. Rxb7
1/2-1/2

[Event "Oberliga Ost B 2017 2018"]
[Site "Germany"]
[Date "2018.04.14"]
[Round "10.5"]
[White "Schaack, Harry"]
[Black "Medvedovski, Michael"]
[Result "1-0"]
[WhiteElo "2207"]
[BlackElo "2034"]
[PlyCount "91"]
[EventDate "2017.10.22"]
[EventType "team-tourn"]
[EventCountry "GER"]
[WhiteTeam "Schoeneck SF"]
[BlackTeam "Frankfurter TV"]
[WhiteTeamCountry "GER"]
[BlackTeamCountry "GER"]

1. e4 c5 2. Nf3 Nc6 3. d4 cxd4 4. Nxd4 e5 5. Nb5 a6 6. Nd6+ Bxd6 7. Qxd6 Qf6 8.
Qxf6 Nxf6 9. Nc3 Nb4 10. Kd2 d6 11. a3 Nc6 12. Bd3 Be6 13. f3 g5 14. Ke1 Rg8
15. Be3 O-O-O 16. Rd1 h5 17. Rf1 d5 18. Bb6 Rd6 19. exd5 Nxd5 20. Be4 Nce7 21.
Bc5 Rd7 22. Na4 b5 23. Bxe7 bxa4 24. Bxd5 Rxd5 25. Kf2 Rb5 26. Bb4 a5 27. Bc3
Rd8 28. Rxd8+ Kxd8 29. Re1 f6 30. Re4 Kc7 31. h4 Bf5 32. Rc4+ Kb6 33. hxg5 fxg5
34. Rxa4 Bxc2 35. Rc4 Bf5 36. g4 hxg4 37. fxg4 Bd3 38. Rc8 Rd5 39. Rg8 e4 40.
Bf6 Rd7 41. Ke3 Bc2 42. Bd4+ Kb5 43. Rxg5+ Ka6 44. b4 axb4 45. axb4 Rh7 46.
Ra5+ 1-0

[Event "Oberliga Ost B 2017 2018"]
[Site "Germany"]
[Date "2018.04.14"]
[Round "10.6"]
[White "Krzesinski, Paul"]
[Black "Everett, Elijah"]
[Result "0-1"]
[WhiteElo "2087"]
[BlackElo "2168"]
[PlyCount "84"]
[EventDate "2017.10.22"]
[EventType "team-tourn"]
[EventCountry "GER"]
[WhiteTeam "Frankfurter TV"]
[BlackTeam "Schoeneck SF"]
[WhiteTeamCountry "GER"]
[BlackTeamCountry "GER"]

1. e4 c5 2. Nf3 d6 3. d4 cxd4 4. Nxd4 Nf6 5. Nc3 a6 6. Be2 e5 7. Nb3 Be7 8. Be3
Be6 9. O-O O-O 10. f4 exf4 11. Rxf4 Nc6 12. a4 d5 13. Rxf6 Bxf6 14. exd5 Bxc3
15. dxc6 Bxb3 16. cxb3 Qe7 17. Bf2 Bxb2 18. Rb1 Be5 19. Qd7 Bxh2+ 20. Kxh2 Qxe2
21. cxb7 Rad8 22. Qf5 Qe7 23. b4 Qxb7 24. b5 axb5 25. axb5 Rd6 26. Qf4 Rg6 27.
Bg3 Qb6 28. Bf2 Rh6+ 29. Kg1 Qg6 30. Rb2 Qh5 31. Bd4 Qd1+ 32. Kf2 Rh1 33. Kg3
h5 34. Qe3 Rd8 35. Rd2 h4+ 36. Kf4 Rf1+ 37. Ke4 Re8+ 38. Be5 Qg4+ 39. Kd3 Qf5+
40. Kd4 Rxe5 41. Qxe5 Rf4+ 42. Kd5 Qd7+ 0-1